000 00557nam a2200193 i 4500
001 41812
003 ES-MaACL
005 20230906160510.0
007 t|
008 030311s1977 sp ||||1| spa d
100 1 _aCastaño, Adolfo.
_936422
245 1 0 _aConversación con Lucio Muñoz /
_cAdolfo Castaño.
260 _a[Madrid] :
_bRayuela,
_c[1977]
300 _a119 p., 18 lám. :
_bil. ;
_c20 cm.
490 1 _aColección maniluvios
830 0 _aColección maniluvios
_9229805
852 _aES-MaACL
_jA-7818
_bR.96919
999 _c41812
_d41812